A Textual Study Of The Apu Trilogy/ (Record no. 198511)

MARC details
000 -LEADER
fixed length control field 00616nam a22002057a 4500
005 - DATE AND TIME OF LATEST TRANSACTION
control field 20230921140027.0
010 ## - LCCN (DPL NO)
LC control number ENG-138228
020 ## - INTERNATIONAL STANDARD BOOK NUMBER
Terms of availability 895.00
035 ## - SYSTEM CONTROL NUMBER
System control number EN-121760
037 ## - SOURCE OF ACQUISITION
Source of stock number/acquisition DBAD/PUB
082 ## - DEWEY DECIMAL CLASSIFICATION NUMBER
Classification number 338.954
100 ## - MAIN ENTRY--PERSONAL NAME
Personal name Bahadur Satish
245 ## - TITLE STATEMENT
Title A Textual Study Of The Apu Trilogy/
Statement of responsibility, etc Satish Bahadur & Shyamala Vanarase
260 ## - PUBLICATION, DISTRIBUTION, ETC. (IMPRINT)
Place of publication, distribution, etc New Delhi
Name of publisher, distributor, etc Lekhshri Publication
Date of publication, distribution, etc 2015
270 ## - ADDRESS
Address 4695,21-A Daryaganj
City Delhi
Postal code 110002
300 ## - PHYSICAL DESCRIPTION
Extent 187
Dimensions 25cm(hbk)
700 ## - ADDED ENTRY--PERSONAL NAME
Personal name Satish Bahadur
9 (RLIN) 56902
700 ## - ADDED ENTRY--PERSONAL NAME
Personal name Shyamala Vanarase
9 (RLIN) 57280
942 ## - ADDED ENTRY ELEMENTS (KOHA)
Source of classification or shelving scheme Dewey Decimal Classification
Item type English Books
Classification part 791.437
Call number suffix BAH
Holdings
Withdrawn status Lost status Not for loan Home library Current library Date acquired Source of acquisition Cost, normal purchase price Full call number Barcode Copy number Cost, replacement price Koha item type
      New Police Line New Police Line 21/09/2023 Dbad/Pub 895.00 791.437 BAH EN-121760 1 895.00 English Books

© Delhi Public Library
Hit Counter
free hit counter